Dış politika analizi : (Record no. 14969)

MARC details
000 -BAŞLIK
Sabit Uzunlukta Kontrol Alanı 00797nam a22002297a 4500
999 ## - SİSTEM KONTROL NUMARALARI (KOHA)
Koha Biblionumber 14969
Koha Biblioitemnumber 14969
003 - KONTROL NUMARASI IDENTIFIER
Denetim Alanı MIRAKIL
005 - SON İŞLEM TARİHİ VE ZAMANI
Denetim Alanı 20220831131326.0
008 - SABİT-BOY VERİ ELEMANLARI - GENEL BİLGİLER
Sabit Uzunlukta Kontrol Alanı 220831b tu ||||| |||| 00| 0 tur d
020 ## - ULUSLARARASI STANDART KİTAP NUMARASI
Uluslararası Standart Kitap Numarası 9786053995630
040 ## - KATALOGLAMA KAYNAK
Orijinal Kataloglama Ajansı TR-AnCHP
Metne Dönüştürmek Ajansı TR-AnCHP
041 ## - DİL KODU
Metin / Ses Parça Veya Ayrı Başlığın Dil Kodu tur
082 ## - DEWEY ONLU SINIFLANDIRMA NUMARASI
Sınıflandırma Numarası 327
Ürün Numarası D47 2020
245 10 - BAŞLIK TABLOSU
Başlık Dış politika analizi :
Başlığın Kalan konu, kuram, yöntem /
Sorumluluk Tablosu, Vb der. Bezen Balamir Coşkun, İnan Rüma.
260 ## - YAYIN, DAĞITIM, VB
Yayın, Dağıtım, Vb Yeri İstanbul :
Yayıncı, Dağıtıcı, Vs Adı İstanbul Bilgi Üniversitesi Yayınları,
Yayın, Dağıtım, Vb Tarihi 2020.
300 ## - FİZİKSEL TANIM
Kapsam xii, 265 s :
Diğer Fiziksel Ayrıntıları grf. ;
Boyutlar 23 sm.
490 0# - SERİSİ TABLOSU
Seri Beyanı İstanbul Bilgi Üniversitesi Yayınları ;
-- Siyaset Bilimi ;
Hacim / Ardışık Tanımı 673.
-- 68.
504 ## - KAYNAKÇA VB NOT
Kaynakça Vb Notu Kaynaça ve dizin vardır.
650 #4 - KONU KATMA GİRİŞ - TOPİKAL DÖNEM
9 (RLIN) 1034
Topikal Süreli Veya Coğrafi Ad Giriş Elemanı Dış politika
700 ## - KATMA GİRİŞ - KİŞİSEL İSİM
9 (RLIN) 7153
Kişisel Ad Coşkun, Bezen Balamir
Relator Terim der.
700 ## - KATMA GİRİŞ - KİŞİSEL İSİM
9 (RLIN) 7154
Kişisel Ad Rüma, inan
Relator Terim der.
942 ## - EKLENDİ GİRİŞ ELEMANLARI (KOHA)
Sınıflandırma Veya Raf Düzeni Kaynak Dewey Decimal Classification
Koha Öğesi Türü Books
Holdings
Kalıcı Konum Mevcut Konum Edinme Tarihi Toplam Check-Out'Lar Tam Çağrı Numarası Barkod Tarih Son Görülme İtibaren Geçerli Fiyatlar Koha Öğesi Türü
CHP Kütüphanesi CHP Kütüphanesi 08/31/2022   327 D47 2020 020504 08/31/2022 08/31/2022 Books